Squadre che hanno vinto più Campionati - UEFA - Statistics

Statistiche generali
  • Questo quiz è stato fatto 68 volte
  • Il punteggio medio è 24 su 56
Statistiche sulle risposte
Nazione Numero di campionati vinti Squadra % Corretto
Italia 36 Juventus
97%
Germania 33 Bayern Monaco
95%
Inghilterra 20 Manchester United
95%
Francia 11 Paris Saint-Germain
95%
Spagna 35 Real Madrid
88%
Portogallo 38 Benfica
86%
Paesi Bassi 36 Ajax
84%
Croazia 24 Dinamo Zagabria
81%
Belgio 34 Anderlecht
76%
Ucraina 16 Dinamo Kiev
72%
Turchia 23 Galatasaray
71%
Serbia 9 Stella Rossa
71%
Danimarca 15 Copenaghen
69%
Romania 26 Steaua Bucarest
69%
Albania 26 KF Tirana
67%
Scozia 55 Rangers
67%
Austria 32 Rapid Vienna
67%
Cipro 28 APEOL Nicosia
64%
Finlandia 32 HJK Helsinki
59%
Svezia 22 Malmö FF
59%
Repubblica Ceca 13 Sparta Praga
59%
Polonia 15 Legia Varsavia
57%
Bulgaria 31 CSKA Sofia
55%
Slovacchia 13 Slovan Bratislava
55%
Grecia 47 Olympiakos
52%
Azerbaigian 10 Qarabağ
50%
Kazakistan 7 FC Astana
48%
Lettonia 15 FC Skonto Rīga
45%
Israele 23 Maccabi Tel Aviv
41%
Ungheria 34 Ferencváros
40%
Norvegia 26 Rosenborg
40%
Russia 10 Spartak Mosca
40%
Slovenia 16 Maribor
33%
Bielorussia 15 BATE Borisov
31%
Estonia 14 Flora Tallinn
31%
Moldavia 21 Sheriff Tiraspol
28%
Irlanda 20 Shamrock Rovers
26%
Georgia 19 Dinamo Tbilisi
24%
Kosovo 11 FC Prishtina
22%
Svizzera 27 Grasshoppers
22%
Islanda 27 KR Reykjavik
17%
San Marino 8 Tre Fiori
14%
Gibilterra 27 Lincoln Red Imps
12%
Bosnia ed Erzegovina 8 Zrinjski Mostar
10%
Irlanda del Nord 56 Linfield
7%
Galles 15 The New Saints
7%
Fær Øer 24 HB Tórshavn
5%
Macedonia del Nord 11 Vardar
5%
Montenegro 6 Budućnost
3%
Andorra 12 FC Santa Coloma
3%
Lituania 10 FK Žalgiris
3%
Malta 26 Floriana
3%
Lussemburgo 28 Jeunesse Esch
3%
Armenia 15 P'yownik FA
2%
Malta 26 Sliema Wanderers F.C.
2%
Danimarca 15 Kjøbenhavns Boldklub
0%
Nessun quiz corrispondente trovato
Distribuzione punteggi
Percentuale di utenti per punteggio
Percentile per numero di risposta
I tuoi punteggi nel tempo
Non hai fatto questo quiz